| 000 | 01209nam a22002655a 4500 | ||
|---|---|---|---|
| 003 | OSt | ||
| 005 | 20161221121616.0 | ||
| 008 | 161221s2013 ua frb 000 0 ara d | ||
| 015 | _a2013/7762 | ||
| 020 | _a9789770472774 | ||
| 040 |
_aEG-ScBUE _bara _cEG-ScBUE |
||
| 043 | _af-ua--- | ||
| 082 | 0 | 4 |
_a346.62048 _bش ا هـ _222 |
| 100 | 1 | _aشاهين، أنيس ممدوح. | |
| 245 | 1 | 2 |
_aالملكية الفكرية للكيانات المنطقية والدور الموازن للمسئولية المدنية / _cأنيس ممدوح شاهين. |
| 260 |
_aالقاهرة : _bدار النهضة العربية، _c2013. |
||
| 300 |
_a532 ص. ؛ _c24 سم. |
||
| 504 | _aيشتمل على إرجاعات ببليوجرافية. | ||
| 630 | 7 |
_aاتفاقية الجوانب المتصلة بالتجارة من حقوق الملكية الفكرية _d(15 إبريل 1994) _2BUEsh |
|
| 650 | 7 |
_aالحاسبات الإلكترونية _xبرامج _xقوانين وتشريعات _zمصر. _2BUEsh |
|
| 650 | 7 |
_aحقوق التأليف والنشر _xالنسخ الإلكتروني _xقوانين وتشريعات _zمصر. _2BUEsh |
|
| 651 | _2BUEsh | ||
| 653 |
_bLLAAWW _cDecember2016 |
||
| 942 | _2ddc | ||
| 999 |
_c23670 _d23642 |
||